000 00333nam a2200145Ia 4500
008 150301s2015 xx 000 0 und d
082 _a610.7
_bA15C
100 _aCOOPER, KIM
245 _aADULT HEALTH NURSING
250 _a7TH
260 _bELSEVER
_c2015
300 _a876
650 _aADULT HEALTH NURSING
942 _2ddc
_cBK
_01
999 _c6780
_d6780